[Event "Hoogeveen op 26th"]
[Site "Hoogeveen"]
[Date "2023.10.22"]
[Round "2"]
[White "Nijdam, Brian"]
[Black "Elgersma, Onno"]
[Result "0-1"]
[WhiteElo "1918"]
[BlackElo "2266"]
[PlyCount "146"]
[EventDate "2023.10.21"]
[EventType "swiss"]
[EventRounds "9"]
[EventCountry "NED"]
[SourceTitle "Mega2024 Update 01"]
[Source "Chessbase"]
[SourceDate "2023.11.12"]
[SourceVersion "1"]
[SourceVersionDate "2023.11.12"]
[SourceQuality "1"]

1. e4 e6 2. d3 d5 3. Nd2 c5 4. Ngf3 Nc6 5. g3 Nf6 6. Bg2 Be7 7. 0-0 0-0 8. Re1 Qc7 9. Nf1 dxe4 10. dxe4 Rd8 11. Qe2 e5 12. c3 h6 13. h3 Be6 14. Nh4 c4 15. Ne3 b5 16. Nef5 Bf8 17. g4 Nh7 18. Be3 b4 19. Rad1 Qa5 20. Nf3 bxc3 21. bxc3 Qxc3 22. g5 h5 23. g6 fxg6 24. N5h4 Bf7 25. Rd5 Rxd5 26. exd5 Bxd5 27. Bd2 Qa3 28. Nxe5 Qd6 29. Nxc4 Qd7 30. Bxd5+ Qxd5 31. Qe6+ Qxe6 32. Rxe6 Nd4 33. Re4 Rd8 34. Be3 Ne2+ 35. Kg2 Nf6 36. Bg5 Nc3 37. Bxf6 gxf6 38. Re3 Nd5 39. Rf3 Kg7 40. Kf1 Rc8 41. Ne3 Nxe3+ 42. Rxe3 Rc4 43. Nf3 Bc5 44. Re2 Ra4 45. Rc2 Bb6 46. Re2 g5 47. Rc2 Kg6 48. Re2 Kf5 49. Kg2 Rc4 50. Rb2 Ke6 51. Rd2 Rf4 52. Ne1 Re4 53. Nf3 Ra4 54. Rc2 Kd5 55. Re2 Rf4 56. Rc2 Re4 57. Rb2 Kc6 58. Kf1 Kb7 59. Rc2 Rf4 60. Kg2 Ka6 61. Ne1 Kb5 62. Nd3 Rd4 63. Nc1 Kb4 64. Nb3 Rf4 65. Kf1 f5 66. Nc1 Rf3 67. Kg2 g4 68. hxg4 fxg4 69. Re2 Kc3 70. Nb3 h4 71. Nd2 h3+ 72. Kf1 h2 73. Kg2 Kd3 0-1